000
00274nam a2200109Ia 4500
008
200302s9999 xx 000 0 und d
100
_a
ashrae research
245
_a
2017 ashrae handbook fundamentals I- P Edition
260
_b
Tullie Circle
260
_c
2017
300
_a
40.29
999
_c
7083
_d
7083